[Event "Barcelona Lleida op"]
[Site "Barcelona"]
[Date "2019.04.27"]
[Round "2.2"]
[White "Monell Camarasa, David"]
[Black "Badia Torra, Jaume"]
[Result "1-0"]
[WhiteElo "2222"]
[BlackElo "1740"]
[PlyCount "52"]
[EventDate "2019.04.06"]
[EventType "swiss"]
[EventRounds "9"]
[EventCountry "ESP"]
[SourceTitle "EXT 2024"]
[Source "ChessBase"]
[SourceDate "2023.10.10"]
[SourceVersion "1"]
[SourceVersionDate "2023.10.10"]
[SourceQuality "1"]

1. d4 Nf6 2. c4 e6 3. Nf3 c5 4. d5 exd5 5. cxd5 d6 6. Nc3 g6 7. e4 Bg7 8. h3 0-0 9. Bd3 a6 10. a4 b6 11. Bf4 Qe7 12. 0-0 Nbd7 13. Nd2 Ne8 14. Nc4 Bb7 15. Qc2 Rc8 16. Rae1 Ne5 17. Nxb6 Rc7 18. Be2 Nf6 19. Bg3 Nfd7 20. Nxd7 Nxd7 21. f4 f5 22. exf5 gxf5 23. Bxa6 Bd4+ 24. Bf2 Qf6 25. Bxb7 Rxb7 26. Re6 Qg6 1-0

[Event "Lleida Regional-ch"]
[Site "Lleida"]
[Date "2015.11.01"]
[Round "5"]
[White "Cots Valls, Jordi"]
[Black "Badia Torra, Jaume"]
[Result "0-1"]
[WhiteElo "1834"]
[BlackElo "2006"]
[PlyCount "114"]
[EventDate "2015.09.27"]
[EventType "swiss"]
[EventRounds "9"]
[EventCountry "ESP"]
[SourceTitle "EXT 2017"]
[Source "ChessBase"]
[SourceDate "2016.10.25"]
[SourceVersion "1"]
[SourceVersionDate "2016.10.25"]
[SourceQuality "1"]

1. e4 e5 2. Nf3 Nc6 3. Bb5 a6 4. Ba4 Nf6 5. 0-0 Nxe4 6. d4 d5 7. Nxe5 Bd7 8. Bxc6 bxc6 9. Re1 Be7 10. c4 0-0 11. f3 Nf6 12. c5 Re8 13. Nc3 h6 14. Kh1 Qc8 15. g4 Qb7 16. f4 Rad8 17. g5 hxg5 18. fxg5 Nh7 19. h4 Nf8 20. Rf1 Be6 21. Qh5 g6 22. Qf3 Bf5 23. Qg3 Ne6 24. Ne2 Ng7 25. Qf2 Nh5 26. Ng3 Nxg3+ 27. Qxg3 Bxc5 28. dxc5 Qb4 29. Qf4 Qxc5 30. Be3 d4 31. Nd3 Qd5+ 32. Kg1 Rxe3 33. Nf2 d3 34. Qxe3 d2 35. Qb3 Qd4 36. Qc3 Qxh4 37. Qxc6 Qxg5+ 38. Qg2 Qe3 39. Kh1 Rd4 40. Qa8+ Kg7 41. Qc6 Rh4+ 42. Kg1 Kh7 43. Kg2 Bh3+ 44. Nxh3 Qxh3+ 45. Kf2 Rf4+ 46. Ke2 Rxf1 47. Rxf1 Qxf1+ 48. Kxf1 d1Q+ 49. Kf2 Qd2+ 50. Kf3 Qxb2 51. Qxa6 c5 52. a4 Qb3+ 53. Ke4 c4 54. Qb5 Qc2+ 55. Kd5 c3 56. Qe8 Qf5+ 57. Kc4 c2 0-1

[Event "Lleida Regional-ch"]
[Site "Lleida"]
[Date "2015.10.04"]
[Round "2"]
[White "Trepat Herranz, Joan"]
[Black "Badia Torra, Jaume"]
[Result "1-0"]
[WhiteElo "2432"]
[BlackElo "2006"]
[PlyCount "41"]
[EventDate "2015.09.27"]
[EventType "swiss"]
[EventRounds "9"]
[EventCountry "ESP"]
[SourceTitle "EXT 2017"]
[Source "ChessBase"]
[SourceDate "2016.10.25"]
[SourceVersion "1"]
[SourceVersionDate "2016.10.25"]
[SourceQuality "1"]

1. e4 e5 2. Nf3 Nc6 3. d4 exd4 4. Nxd4 Bc5 5. Nb3 Bb6 6. Nc3 d6 7. Qe2 Be6 8. Be3 Nge7 9. 0-0-0 Qc8 10. h3 0-0 11. g4 Re8 12. Bg2 Bxe3+ 13. Qxe3 a5 14. f4 f6 15. Rhg1 Bf7 16. Qd2 Rb8 17. f5 b5 18. g5 a4 19. gxf6 Nxf5 20. exf5 axb3 21. Qg5 1-0

[Event "Vallfogona Hostal Nou op"]
[Site "Vallfogona de Balaguer"]
[Date "2014.05.03"]
[Round "2"]
[White "Quintas Galeano, Lluis"]
[Black "Badia Torra, Jaume"]
[Result "1-0"]
[WhiteElo "2222"]
[BlackElo "2010"]
[PlyCount "115"]
[EventDate "2014.04.26"]
[EventType "swiss"]
[EventRounds "8"]
[EventCountry "ESP"]
[SourceTitle "EXT 2015"]
[Source "ChessBase"]
[SourceDate "2014.11.20"]
[SourceVersion "1"]
[SourceVersionDate "2014.11.20"]
[SourceQuality "1"]

1. e4 e5 2. Nf3 Nc6 3. Bb5 a6 4. Ba4 Nf6 5. 0-0 b5 6. Bb3 Be7 7. d3 d6 8. c3 0-0 9. Nbd2 Bb7 10. Re1 Na5 11. Bc2 c5 12. Nf1 Re8 13. Ng3 Nc6 14. Nf5 Bf8 15. Bg5 Bc8 16. Ne3 Be6 17. d4 cxd4 18. cxd4 Bc8 19. dxe5 Nxe5 20. Nxe5 dxe5 21. Qf3 Be7 22. Rad1 Qb6 23. Nf5 Bf8 24. Nh6+ gxh6 25. Bxf6 Bg7 26. Bh4 Be6 27. Rd2 Rac8 28. Red1 Qc5 29. Bb3 Bxb3 30. Qxb3 Qc4 31. Qxc4 bxc4 32. Rd6 Rb8 33. R1d2 Bf8 34. R6d5 Kg7 35. Kf1 Rbc8 36. Rc2 f6 37. Ke2 Re6 38. Rd7+ Kg6 39. f3 Rd6 40. Rxd6 Bxd6 41. Be1 Rc7 42. Ba5 Rb7 43. Kd2 f5 44. Kc1 Rb5 45. Bd2 Bb4 46. Bxb4 Rxb4 47. a3 Ra4 48. Rc3 Kg5 49. exf5 Kxf5 50. Kd2 e4 51. Ke3 exf3 52. gxf3 h5 53. h3 h4 54. f4 h5 55. Kf3 Ra5 56. Rxc4 Rb5 57. b4 a5 58. Rc5+ 1-0

[Event "Lleida-ch Seniors"]
[Site "Lleida"]
[Date "2010.11.20"]
[Round "4"]
[White "Mora Amella, Joan"]
[Black "Badia Torra, Jaume"]
[Result "1/2-1/2"]
[WhiteElo "1864"]
[BlackElo "1914"]
[PlyCount "43"]
[EventDate "2010.10.30"]
[EventType "swiss"]
[EventRounds "6"]
[EventCountry "ESP"]
[SourceTitle "EXT 2015"]
[Source "ChessBase"]
[SourceDate "2014.11.20"]
[SourceVersion "1"]
[SourceVersionDate "2014.11.20"]
[SourceQuality "1"]

1. c4 Nf6 2. d4 e6 3. Nc3 d5 4. e3 Nbd7 5. Nf3 c6 6. Bd3 dxc4 7. Bxc4 Be7 8. 0-0 0-0 9. e4 Nb6 10. Bd3 Qc7 11. Bg5 Re8 12. Qd2 a6 13. Rac1 Qd8 14. Rfe1 Nfd7 15. e5 Nf8 16. Ne4 Bxg5 17. Nfxg5 Nd5 18. Nd6 Re7 19. Re4 f5 20. exf6 Nxf6 21. Nxc8 Rxc8 22. Rh4 1/2-1/2

[Event "Lleida-ch Seniors"]
[Site "Lleida"]
[Date "2010.11.13"]
[Round "3"]
[White "Badia Torra, Jaume"]
[Black "Ponsarnau Marquilles, Jaume"]
[Result "1-0"]
[WhiteElo "1914"]
[BlackElo "1843"]
[PlyCount "75"]
[EventDate "2010.10.30"]
[EventType "swiss"]
[EventRounds "6"]
[EventCountry "ESP"]
[SourceTitle "EXT 2015"]
[Source "ChessBase"]
[SourceDate "2014.11.20"]
[SourceVersion "1"]
[SourceVersionDate "2014.11.20"]
[SourceQuality "1"]

1. d4 d5 2. c4 e6 3. Nf3 Nf6 4. g3 Be7 5. Bg2 dxc4 6. 0-0 0-0 7. Qc2 Nd5 8. Qxc4 Nc6 9. a3 a5 10. Rd1 f5 11. e3 Qe8 12. Nc3 Nb6 13. Qe2 Qh5 14. Bd2 a4 15. Nb5 Bd8 16. Qd3 Bd7 17. Rac1 Na5 18. Bb4 Rf6 19. Nxc7 Bxc7 20. Rxc7 Bc6 21. Nh4 Nd5 22. Bxa5 Rxa5 23. Rc8+ Kf7 24. Re1 Rh6 25. Qe2 Qg5 26. f4 Qe7 27. Nf3 Kf6 28. Ne5 Bb5 29. Qd2 Ra6 30. g4 fxg4 31. Nxg4+ Kf7 32. Nxh6+ gxh6 33. Qc2 Kg7 34. Qe4 Bc6 35. Qe5+ Nf6 36. Rc7 Bd7 37. Rec1 b5 38. Rxd7 1-0